Seminár k výsledkom vedeckej a výskumnej činnosti
Salvato in:
| Ente Autore: | |
|---|---|
| Natura: | Libro |
| Lingua: | slovacco |
| Pubblicazione: |
Bratislava
Ekonomická univerzita
1992
|
| Edizione: | 1. vyd. |
| Soggetti: | |
| Tags: |
Nessun Tag, puoi essere il primo ad aggiungerne!!
|
MARC
| LEADER | 00000nam a2200000 4500 | ||
|---|---|---|---|
| 001 | c002413 | ||
| 005 | 20260129104956.5 | ||
| 041 | 0 | |a slo | |
| 044 | |a SK | ||
| 245 | 1 | 0 | |a Seminár k výsledkom vedeckej a výskumnej činnosti |
| 250 | |a 1. vyd. | ||
| 264 | 1 | |a Bratislava |b Ekonomická univerzita |c 1992 | |
| 300 | |a 99 s. | ||
| 610 | 2 | 0 | |a práca vedeckovýskumná |
| 610 | 2 | 0 | |a sústava daňová |
| 610 | 2 | 0 | |a matematika |
| 610 | 2 | 0 | |a nezamestnanosť |
| 610 | 2 | 0 | |a metódy ekonomicko-matematické |
| 610 | 2 | 0 | |a firmy |
| 610 | 2 | 0 | |a trh |
| 610 | 2 | 0 | |a NUMMAT |
| 610 | 2 | 0 | |a mzdy |
| 610 | 2 | 0 | |a spotreba osobná |
| 610 | 2 | 0 | |a modelovanie |
| 610 | 2 | 0 | |a ceny maloobchodné |
| 610 | 2 | 0 | |a indexy cenové |
| 610 | 2 | 0 | |a účty národné |
| 610 | 2 | 0 | |a systémy informačné |
| 610 | 2 | 0 | |a dane |
| 610 | 2 | 0 | |a miera úroková |
| 610 | 2 | 0 | |a účtovníctvo |
| 610 | 2 | 0 | |a papiere cenné |
| 610 | 2 | 0 | |a oceňovanie ekonomické |
| 610 | 2 | 0 | |a práca duševná |
| 610 | 2 | 0 | |a pracovníci kvalifikovaní |
| 710 | 2 | |a Ekonomická univerzita v Bratislave. Fakulta hospodárskej informatiky | |